| 000 | 00995cam a22002771 4500 | ||
|---|---|---|---|
| 005 | 20260322212052.0 | ||
| 008 | data | ||
| 010 | _a 55010351 | ||
| 040 |
_aDLC _cDLC _dDLC |
||
| 041 | 1 | _aengfre | |
| 050 | 0 | 0 |
_aAC1 _b.G72 vol. 45 |
| 082 | 0 | 0 | _a540 |
| 100 | 1 |
_aLavoisier, Antoine Laurent, _d1743-1794. |
|
| 240 | 1 | 0 |
_aTraité élémentaire de chimie. _lEnglish |
| 245 | 1 | 0 |
_aElements of chemistry/ _cAntoine Laurent Lavoisier ... [et al.]. |
| 260 |
_aChicago, _bEncyclopædia Britannica _c[1955, c1952] |
||
| 300 |
_axii, 898 p. _billus. _c25 cm. |
||
| 490 | 0 | _aGreat books of the Western World, v. 45 | |
| 504 | _aBibliographical footnotes. | ||
| 650 | 0 | _aChemistry. | |
| 700 | 1 |
_aFourier, Jean Baptiste Joseph, _d1768-1830. _cbaron, _tThéorie analytique de la chaleur. _lEnglish. _f1955. |
|
| 700 | 1 |
_aFaraday, Michael, _d1791-1867. _tExperimental researches in electricity. 1955. |
|
| 700 | 1 |
_aKerr, Robert, _d1755-1813, _etr. |
|
| 700 | 1 |
_aFreeman, Alexander, _d1838-1897, _etr. |
|
| 001 | data | ||
| 999 |
_c1231 _d1231 |
||